书目信息 |
| 题名: |
冷和
|
|
| 作者: | 阮次山 著 | |
| 分册: | ||
| 出版信息: | 北京 世界知识出版社 2004.01 |
|
| 页数: | 372页 | |
| 开本: | 21cm | |
| 丛书名: | 阮次山看天下 | |
| 单 册: | ||
| 中图分类: | D822.371.2 | |
| 科图分类: | ||
| 主题词: | 中美关系--研究--现代 | |
| 电子资源: | ||
| ISBN: | 7-5012-2225-8 | |
| 000 | 00838nam 2200253 450 | |
| 001 | 0148708234 | |
| 005 | 20051018083713.67 | |
| 010 | @a7-5012-2225-8@dCNY28.00 | |
| 100 | @a20050912d2004 km y0chiy0120 ea | |
| 101 | 0 | @achi |
| 102 | @aCN@b110000 | |
| 105 | @aa z 000yy | |
| 200 | 1 | @a冷和@Aleng he@e中美世纪之惑@f阮次山著@Fruan ci shan zhu |
| 210 | @a北京@c世界知识出版社@d2004.01 | |
| 215 | @a372页@c图@d21cm | |
| 225 | 2 | @a阮次山看天下@v2 |
| 330 | @a本书以独特的视角,犀利的语言,将中美两国十多年来外交关系上的冲突与合作,两国领导人之间斗志斗勇的精彩片断悉数展现。 | |
| 410 | 0 | @12001 @a阮次山看天下 |
| 517 | 1 | @a中美世纪之惑@Azhong mei shi ji zhi huo |
| 606 | 0 | @a中美关系@x研究@z现代 |
| 690 | @aD822.371.2@v4 | |
| 701 | 0 | @a阮次山@Aruan ci shan@4著 |
| 801 | 0 | @aCN@bQSSK@c20051018 |
| 905 | @a10447@dD822.371.2@eR856 | |
| 冷和:中美世纪之惑/阮次山著.-北京:世界知识出版社,2004.01 |
| 372页:图;21cm .-(阮次山看天下;2) |
| ISBN 7-5012-2225-8:CNY28.00 |
| 本书以独特的视角,犀利的语言,将中美两国十多年来外交关系上的冲突与合作,两国领导人之间斗志斗勇的精彩片断悉数展现。 |
| ● |
| 相关链接 |
|
|
|
正题名:冷和
索取号:D822.371.2/R856
 
预约/预借
| 序号 | 登录号 | 条形码 | 馆藏地/架位号 | 状态 | 备注 |
| 1 | 569307 | 205693070 | 社科库509/422社科库 27排4列5层/ [索取号:D822.371.2/R856] | 在馆 | |
| 2 | 569308 | 205693089 | 社科库509/509社科库 79排3列4层/ [索取号:D822.371.2/R856] | 在馆 | |
| 3 | 569309 | 205693098 | 社科库509/509社科库 79排3列4层/ [索取号:D822.371.2/R856] | 在馆 |